[Event "WECU Championship"]
[Site "Exmouth"]
[Date "2006.04.14"]
[Round "1"]
[White "Abbott, MV."]
[Black "Shire, David J"]
[Result "1/2-1/2"]
[WhiteElo "1816"]
[BlackElo "1984"]
[PlyCount "49"]
[EventDate "2006.??.??"]

1. d4 e6 2. c4 f5 3. Nf3 Nf6 4. g3 d5 5. Bg2 c6 6. O-O Bd6 7. b3 Qe7 8. Bb2 b6
9. Qc2 Bb7 10. Nbd2 O-O 11. Ne5 a5 12. f3 Na6 13. Rae1 c5 14. e4 fxe4 15. fxe4
dxe4 16. Nxe4 Nxe4 17. Bxe4 Bxe4 18. Qxe4 cxd4 19. Rxf8+ Rxf8 20. Nc6 Qf7 21.
Qxe6 d3 22. Qxf7+ Rxf7 23. Re8+ Rf8 24. Rxf8+ Kxf8 25. Kf2 1/2-1/2

[Event "WECU Championship"]
[Site "Exmouth"]
[Date "2006.04.14"]
[Round "1"]
[White "Bolt, G."]
[Black "Greely, Simon"]
[Result "1-0"]
[WhiteElo "2000"]
[BlackElo "1816"]
[PlyCount "97"]
[EventDate "2006.??.??"]

1. e4 c5 2. Nf3 Nc6 3. d4 cxd4 4. Nxd4 Nf6 5. Nc3 e6 6. Ndb5 d6 7. Bf4 e5 8.
Bg5 a6 9. Na3 b5 10. Bxf6 gxf6 11. Nd5 f5 12. Bd3 Be6 13. c3 Bg7 14. Nc2 O-O
15. O-O fxe4 16. Bxe4 Rc8 17. Nce3 f5 18. Bc2 Ne7 19. Nxe7+ Qxe7 20. a4 Rc5 21.
axb5 axb5 22. Bb3 f4 23. Bxe6+ Qxe6 24. Nc2 f3 25. gxf3 Bh6 26. Kh1 Bf4 27.
Rg1+ Kh8 28. Rg2 Rd5 29. Qe1 Rd2 30. Nb4 Qh3 31. Qe4 Qh5 32. Nd3 Qf5 33. Nxf4
Qxe4 34. fxe4 exf4 35. f3 Rd3 36. Rf2 d5 37. exd5 Rxd5 38. Rg1 Rg8 39. Rxg8+
Kxg8 40. Kg2 Kf7 41. Kh3 h5 42. Kg2 Kf6 43. Kf1 Rg5 44. Rd2 Ke5 45. Rd4 Rf5 46.
Rd8 Ke6 47. h4 Re5 48. Rb8 Kf6 49. Rf8+ {The remainder of the score cannot be
deciphered.} 1-0

[Event "WECU Championship"]
[Site "Exmouth"]
[Date "2006.04.14"]
[Round "1"]
[White "Hall, Joshua DW"]
[Black "Wolstencroft, Darryl"]
[Result "0-1"]
[WhiteElo "1832"]
[BlackElo "2016"]
[PlyCount "72"]
[EventDate "2006.??.??"]

1. e4 e6 2. d4 d5 3. Nc3 Bb4 4. e5 Ne7 5. a3 Bxc3+ 6. bxc3 c5 7. Qg4 Nf5 8. Bd3
h5 9. Qf4 Nc6 10. Bxf5 exf5 11. Nf3 Qa5 12. Bd2 Qa4 13. O-O Qxc2 14. Qg5 Be6
15. Rab1 Rb8 16. Qxg7 Kd7 17. Rxb7+ Rxb7 18. Qxh8 cxd4 19. cxd4 Rb1 20. g3 f4
21. Qxh5 Rxf1+ 22. Kxf1 Qd1+ 23. Kg2 Nxd4 24. gxf4 Nxf3 25. Qxf3 Qxd2 26. h4
Bf5 27. Kh2 Qd3 28. Qg2 Qe4 29. Qg3 d4 30. Qg5 d3 31. f3 Qe2+ 32. Kg1 Be6 33.
f5 d2 34. fxe6+ fxe6 35. Qg7+ Kc6 36. Qxa7 d1=Q# 0-1

[Event "WECU Championship"]
[Site "Exmouth"]
[Date "2006.04.14"]
[Round "1"]
[White "Gosling, Brian GE"]
[Black "Hall, Daniel J"]
[Result "1/2-1/2"]
[WhiteElo "1792"]
[BlackElo "1928"]
[PlyCount "88"]
[EventDate "2006.??.??"]

1. d4 Nf6 2. Nf3 g6 3. Bg5 Bg7 4. e3 O-O 5. c3 d6 6. Bc4 Nbd7 7. O-O e5 8. Nbd2
h6 9. Bxf6 Bxf6 10. Qc2 Kh7 11. Rad1 exd4 12. exd4 Nb6 13. Bd3 Nd5 14. Ne4 Nf4
15. Ng3 Bg4 16. Qd2 Bxf3 17. gxf3 Bg5 18. Qc2 Qd7 19. Kh1 h5 20. Rg1 f6 21.
Nxh5 Nxd3 22. Qxd3 Qh3 23. Qxg6+ Kxg6 24. Nf4+ Kf5 25. Nxh3 Rh8 26. Nxg5 fxg5
27. Rg3 Rae8 28. Rd2 Kf4 29. Kg2 Rh4 30. h3 Kf5 31. Kf1 Rf4 32. Re2 Rxe2 33.
Kxe2 Rh4 34. a4 a5 35. Kd3 d5 36. b4 b6 37. bxa5 bxa5 38. c4 c6 39. cxd5 cxd5
40. Ke3 Rh8 41. Rg1 Rxh3 42. Ke2 Kf4 43. Rg4+ Kf5 44. Rg1 Kf4 1/2-1/2

[Event "WECU Championship"]
[Site "Exmouth"]
[Date "2006.04.14"]
[Round "1"]
[White "Brusey, AW."]
[Black "Hutchings, Philip J"]
[Result "1/2-1/2"]
[WhiteElo "1976"]
[BlackElo "1792"]
[PlyCount "93"]
[EventDate "2006.??.??"]

1. e4 e5 2. Nf3 Nc6 3. Be2 Nf6 4. d4 exd4 5. e5 Ne4 6. O-O Bc5 7. c3 d5 8. cxd4
Bb6 9. Nc3 Nxc3 10. bxc3 O-O 11. Qc2 Ne7 12. Bd3 Ng6 13. Bg5 Qd7 14. Rfe1 Qg4
15. a4 c6 16. h3 Qh5 17. Bf1 Bxh3 18. gxh3 Qxf3 19. Re3 Qh5 20. Rg3 Nh4 21. Be2
Qg6 22. Bf6 gxf6 23. exf6 Kh8 24. Rxg6 fxg6 25. Qb2 Rab8 26. Qd2 Bd8 27. Qf4
Bxf6 28. Rb1 b6 29. Qc7 Rbe8 30. Rb2 c5 31. Qxa7 cxd4 32. Qxb6 dxc3 33. Rc2 d4
34. a5 Rb8 35. Qd6 Rbd8 36. Qc5 Rfe8 37. Qc6 Kg7 38. a6 d3 39. Bxd3 Re1+ 40.
Bf1 Rdd1 41. Qc7+ Be7 42. Qxc3+ Bf6 43. Qc7+ Kh6 44. Qf4+ Bg5 45. Qc4 Nf3+ 46.
Kg2 Nh4+ 47. Kg1 1/2-1/2

[Event "WECU Championship"]
[Site "Exmouth"]
[Date "2006.04.14"]
[Round "1"]
[White "Taylor, Geoffrey P"]
[Black "Mordue, A Tyson"]
[Result "1/2-1/2"]
[WhiteElo "1880"]
[BlackElo "2160"]
[PlyCount "67"]
[EventDate "2006.??.??"]

1. e4 c5 2. Nf3 d6 3. Bc4 e6 4. Nc3 Nf6 5. d4 cxd4 6. Nxd4 a6 7. a4 Nc6 8. O-O
Be7 9. Be3 O-O 10. Nb3 b6 11. Qe2 Qc7 12. f4 Nb4 13. Bd3 Rb8 14. e5 dxe5 15.
fxe5 Qxe5 16. Rae1 Bd6 17. g3 Nfd5 18. Nxd5 Nxd5 19. Qd2 Nxe3 20. Rxe3 Bc5 21.
Nxc5 Qxc5 22. Rf4 Bb7 23. Rh4 h6 24. Qf2 Rbd8 25. Kf1 Rd4 26. Rxd4 Qxd4 27. b3
Rc8 28. Qe2 a5 29. Kf2 Rc5 30. Kf1 Bc6 31. Qe1 h5 32. h3 h4 33. g4 Kf8 34. Qf2
{The remainder of the score cannot be deciphered.} 1/2-1/2

[Event "WECU Championship"]
[Site "Exmouth"]
[Date "2006.04.14"]
[Round "1"]
[White "Dilleigh, Stephen P"]
[Black "Jamieson, Ian M"]
[Result "1-0"]
[WhiteElo "2040"]
[BlackElo "1840"]
[PlyCount "91"]
[EventDate "2006.??.??"]

1. d4 b5 2. e4 Bb7 3. f3 a6 4. a4 b4 5. c3 e6 6. Be3 Nf6 7. Nd2 a5 8. c4 c5 9.
d5 e5 10. Bd3 Na6 11. f4 Bd6 12. Nh3 Qb6 13. O-O O-O-O 14. b3 h6 15. Kh1 Rdf8
16. Qf3 Nh7 17. Rae1 f6 18. fxe5 fxe5 19. Qg3 g5 20. Rxf8+ Rxf8 21. Rf1 Nf6 22.
Be2 Qd8 23. Nf2 Qe7 24. Nd3 Bc7 25. Rf5 d6 26. Qh3 Kb8 27. Qxh6 g4 28. Bg5 Bd8
29. Bxf6 Rxf6 30. Rxf6 Qxf6 31. Qxf6 Bxf6 32. Bxg4 Nc7 33. g3 Bg5 34. Nf1 Ne8
35. h4 Be7 36. Kg2 Nf6 37. Bf5 Bc8 38. Bxc8 Kxc8 39. Kf3 Kd8 40. Ne3 Ke8 41.
Nf5 Bf8 42. g4 Kf7 43. Nf2 Kg6 44. Nh3 Nh7 45. g5 Kh5 46. Kg3 1-0

[Event "WECU Championship"]
[Site "Exmouth"]
[Date "2006.04.14"]
[Round "1"]
[White "Jaques, Andrew"]
[Black "Yeo, Michael J"]
[Result "1/2-1/2"]
[WhiteElo "1872"]
[BlackElo "2088"]
[PlyCount "65"]
[EventDate "2006.??.??"]

1. e4 e5 2. d4 exd4 3. Qxd4 Nc6 4. Qa4 Nf6 5. Bg5 h6 6. Bh4 d6 7. Nc3 Bd7 8.
Bb5 a6 9. Bxc6 Bxc6 10. Qd4 g5 11. Bg3 Bg7 12. O-O-O Nh5 13. Qd3 Nxg3 14. hxg3
Qf6 15. f3 O-O-O 16. Nge2 Bb5 17. Qd4 Qg6 18. Qb4 Bxe2 19. Nxe2 Rhe8 20. Nc3
Re5 21. Rd5 c6 22. Rd3 Bf8 23. Rhd1 Ree8 24. Qa5 Qf6 25. Na4 Qe5 26. Nb6+ Kb8
27. Qxe5 Rxe5 28. Nc4 Re6 29. Ne3 h5 30. Rh1 Rh6 31. Nf5 Rh7 32. Rhd1 Kc7 33.
c3 1/2-1/2

[Event "WECU Championship"]
[Site "Exmouth"]
[Date "2006.04.14"]
[Round "1"]
[White "Roberson, Peter"]
[Black "Ponter, Ian"]
[Result "1-0"]
[WhiteElo "2096"]
[BlackElo "1880"]
[PlyCount "63"]
[EventDate "2006.??.??"]

1. e4 e5 2. Nf3 Nc6 3. Bb5 a6 4. Bxc6 dxc6 5. O-O Ne7 6. b3 Ng6 7. Bb2 f6 8. d4
exd4 9. Nxd4 c5 10. Ne2 Qxd1 11. Rxd1 Bd7 12. Nbc3 O-O-O 13. Nd5 Bd6 14. Nxf6
gxf6 15. Bxf6 Be5 16. Bxh8 Rxh8 17. Rac1 Rg8 18. Rd3 Bc6 19. f3 Bf6 20. Rf1 Ne5
21. Rdd1 Bb5 22. c4 Nxc4 23. bxc4 Bxc4 24. Rd2 Rd8 25. Rxd8+ Kxd8 26. Rd1+ Ke7
27. Rd2 b5 28. f4 Bxe2 29. Rxe2 Bd4+ 30. Kf1 c4 31. Rc2 a5 32. Ke2 1-0

[Event "WECU Championship"]
[Site "Exmouth"]
[Date "2006.04.14"]
[Round "2"]
[White "Hall, Daniel J"]
[Black "Abbott, MV."]
[Result "1-0"]
[WhiteElo "1928"]
[BlackElo "1816"]
[PlyCount "83"]
[EventDate "2006.??.??"]

1. e4 c5 2. Nf3 g6 3. d4 Bg7 4. c3 cxd4 5. cxd4 d5 6. e5 Bg4 7. Nc3 Qd7 8. Qb3
Bxf3 9. gxf3 Nc6 10. Be3 Rd8 11. Na4 Nh6 12. Nc5 Qc7 13. Qxb7 Qxb7 14. Nxb7 Rb8
15. Bb5 Rxb7 16. Bxc6+ Rd7 17. Bxh6 Bxh6 18. Ke2 e6 19. Kd3 Ke7 20. Bxd7 Kxd7
21. b3 Rc8 22. Rab1 Bg5 23. Rb2 Bh4 24. Rf1 Bg5 25. Rc2 Rb8 26. Re1 f6 27. Rce2
f5 28. Rc2 Be7 29. Rec1 Rb7 30. Rc8 Bd8 31. Ra8 h5 32. Rcc8 Be7 33. f4 g5 34.
fxg5 Bxg5 35. Rh8 h4 36. Rag8 Be7 37. Rh7 Rc7 38. Rgg7 Kd8 39. b4 a6 40. a4 Rb7
41. b5 axb5 42. axb5 1-0

[Event "WECU Championship"]
[Site "Exmouth"]
[Date "2006.04.14"]
[Round "2"]
[White "Bass, JW."]
[Black "Brusey, AW."]
[Result "1-0"]
[WhiteElo "1880"]
[BlackElo "1976"]
[PlyCount "109"]
[EventDate "2006.??.??"]

1. d4 d5 2. Nf3 Nf6 3. c4 c6 4. Nc3 dxc4 5. a4 Bg4 6. Ne5 Bh5 7. g3 e6 8. Bg2
Bb4 9. O-O O-O 10. Nxc4 Nbd7 11. Qc2 Nb6 12. Nxb6 Qxb6 13. e3 Rac8 14. Bd2 c5
15. dxc5 Rxc5 16. Qb3 Rd8 17. Be1 a5 18. Nb5 Be2 19. Bxb4 axb4 20. Rfc1 Rdc8
21. Rxc5 Qxc5 22. Bxb7 Rb8 23. Bg2 Bxb5 24. axb5 Qxb5 25. Rd1 h5 26. Bf1 Qc5
27. Rd4 Qb6 28. Qd1 Qa5 29. Be2 Rc8 30. Qd2 Qa1+ 31. Kg2 Rc1 32. Rd8+ Kh7 33.
Qxb4 Rg1+ 34. Kh3 Ng4 35. Bxg4 Qf1+ 36. Kh4 hxg4 37. Qxg4 Qb5 38. Qh5+ Qxh5+
39. Kxh5 Rg2 40. Rd2 Rxh2+ 41. Kg4 Kg6 42. Kf4 Rh8 43. b4 Rb8 44. Rb2 Rb5 45.
Ke4 f5+ 46. Kd4 Kf6 47. Kc4 Rb8 48. b5 Ke5 49. Kc5 g5 50. Kc6 f4 51. exf4+ gxf4
52. gxf4+ Kxf4 53. b6 e5 54. b7 Kf3 55. Kc7 1-0

[Event "WECU Championship"]
[Site "Exmouth"]
[Date "2006.04.14"]
[Round "2"]
[White "Shire, David J"]
[Black "Gosling, Brian GE"]
[Result "0-1"]
[WhiteElo "1984"]
[BlackElo "1792"]
[PlyCount "62"]
[EventDate "2006.??.??"]

1. d4 Nf6 2. c4 e6 3. Nf3 Bb4+ 4. Bd2 Qe7 5. g3 Bxd2+ 6. Nbxd2 d6 7. Bg2 e5 8.
Qb3 O-O 9. O-O a5 10. Rac1 Nc6 11. d5 Nb4 12. e4 Na6 13. Ne1 Nc5 14. Qc2 Bd7
15. b3 Ne8 16. a3 f5 17. b4 axb4 18. axb4 Nxe4 19. Nxe4 fxe4 20. Bxe4 Nf6 21.
Bg2 e4 22. Qc3 Ra2 23. Nc2 Ng4 24. f3 exf3 25. Rxf3 Rxf3 26. Bxf3 Qg5 27. Ra1
Rxa1+ 28. Qxa1 Ne5 29. Be2 Qd2 30. Nd4 Qe3+ 31. Kg2 Qe4+ 0-1

[Event "WECU Championship"]
[Site "Exmouth"]
[Date "2006.04.14"]
[Round "2"]
[White "Ponter, Ian"]
[Black "Hall, Joshua DW"]
[Result "1-0"]
[WhiteElo "1880"]
[BlackElo "1832"]
[PlyCount "71"]
[EventDate "2006.??.??"]

1. e4 d5 2. exd5 Nf6 3. d4 Nxd5 4. Be2 Bf5 5. Nf3 e6 6. O-O c5 7. c4 Nb6 8. Be3
N8d7 9. Nc3 Be7 10. Qd2 O-O 11. Rad1 Bg4 12. dxc5 Nxc5 13. Bxc5 Bxc5 14. Qf4
Qe7 15. Qxg4 Nd7 16. Qh4 f6 17. Rd2 Rf7 18. Rfd1 Nf8 19. Qe4 g5 20. a3 Ng6 21.
b4 f5 22. Qc2 Bb6 23. c5 Bc7 24. Bc4 g4 25. Nd4 Qh4 26. g3 Qh3 27. Nxe6 Nh4 28.
f4 gxf3 29. Ng5 Qg4 30. Bxf7+ Kh8 31. Nce4 Be5 32. h3 f2+ 33. Rxf2 fxe4 34.
hxg4 Bxg3 35. Qc3+ Be5 36. Qxe5# 1-0

[Event "WECU Championship"]
[Site "Exmouth"]
[Date "2006.04.14"]
[Round "2"]
[White "Hegarty, Sarah"]
[Black "Dilleigh, Stephen P"]
[Result "0-1"]
[WhiteElo "1896"]
[BlackElo "2040"]
[PlyCount "72"]
[EventDate "2006.??.??"]

1. e4 e6 2. d3 d5 3. Nd2 Nf6 4. Ngf3 b6 5. Qe2 Be7 6. e5 Nfd7 7. g3 c5 8. Bg2
Nc6 9. O-O Qc7 10. Re1 g5 11. h3 Bb7 12. Nf1 h6 13. c3 O-O-O 14. a3 Rde8 15.
Bd2 Ba6 16. b4 c4 17. d4 Bb7 18. N1h2 Qd8 19. a4 a5 20. Reb1 Reg8 21. g4 Qf8
22. b5 Nd8 23. Nf1 f5 24. gxf5 Qxf5 25. Ne3 Qg6 26. Nh2 h5 27. Bf3 Nf7 28. Kh1
g4 29. hxg4 hxg4 30. Bxg4 Ndxe5 31. dxe5 d4+ 32. f3 dxe3 33. Qxc4+ Kb8 34. Bxe3
Qxg4 35. Qxg4 Rxg4 36. Rg1 Rgg8 0-1

[Event "WECU Championship"]
[Site "Exmouth"]
[Date "2006.04.14"]
[Round "2"]
[White "Wolstencroft, Darryl"]
[Black "Roberson, Peter"]
[Result "1/2-1/2"]
[WhiteElo "2016"]
[BlackElo "2096"]
[PlyCount "109"]
[EventDate "2006.??.??"]

1. c4 e5 2. g3 c6 3. Bg2 d5 4. cxd5 cxd5 5. d4 exd4 6. Qxd4 Be6 7. Nf3 Nc6 8.
Qa4 Nf6 9. O-O Be7 10. Nc3 O-O 11. Rd1 Qb6 12. Qb5 Qc7 13. Bf4 Qc8 14. Rac1 a6
15. Qd3 Rd8 16. Na4 Bf5 17. Qb3 Qe6 18. Rxc6 Qxc6 19. Nd4 Qc4 20. Nxf5 Qxe2 21.
Bf3 Qe6 22. Nd4 Qh3 23. Qxb7 Re8 24. Nc6 Bf8 25. Nb6 Bc5 26. Be3 Rxe3 27. fxe3
Re8 28. Nxd5 Nxd5 29. Bxd5 Qh5 30. Bxf7+ Qxf7 31. Qxf7+ Kxf7 32. Rd3 Bxe3+ 33.
Kf1 Bb6 34. Rb3 Bc5 35. Rb7+ Kg6 36. b4 Be3 37. Ne7+ Kg5 38. Nd5 Bd4 39. Nf4
Kg4 40. Rd7 Bc3 41. Kg2 g5 42. Rd5 Re5 43. Rxe5 Bxe5 44. Nd3 Bd6 45. h3+ Kf5
46. Kf3 Ke6 47. Ke4 Bxg3 48. Nc5+ Kd6 49. Nxa6 Kc6 50. a4 h5 51. Kf5 g4 52.
hxg4 hxg4 53. Kxg4 Bd6 54. b5+ Kb6 55. Kf5 1/2-1/2

[Event "WECU Championship"]
[Site "Exmouth"]
[Date "2006.04.14"]
[Round "2"]
[White "Turner, Matthew"]
[Black "Bolt, G."]
[Result "1-0"]
[WhiteElo "2432"]
[BlackElo "2000"]
[PlyCount "113"]
[EventDate "2006.??.??"]

1. d4 Nf6 2. c4 g6 3. Nf3 Bg7 4. Nc3 d5 5. Bf4 c6 6. e3 O-O 7. Be2 Bg4 8. O-O
Nbd7 9. h3 Bxf3 10. Bxf3 e6 11. Qe2 Re8 12. Rfd1 Qa5 13. Bg3 Qa6 14. b3 Qa5 15.
Rac1 Rac8 16. Qd2 b6 17. Be2 Bf8 18. Nb1 Qxd2 19. Nxd2 Nb8 20. Rc2 Bb4 21. Nb1
Ne4 22. Bh2 Bd6 23. Bxd6 Nxd6 24. Nd2 f6 25. Rdc1 Kf7 26. a4 Ke7 27. b4 dxc4
28. Nxc4 Nxc4 29. Rxc4 Kd7 30. f4 f5 31. Kf2 a6 32. g4 b5 33. Rc5 bxa4 34. Ra5
Rc7 35. Rxa4 Rec8 36. Bxa6 Nxa6 37. Rxa6 Rb8 38. Rc4 Kd6 39. Kf3 fxg4+ 40. hxg4
h6 41. e4 Rb5 42. Ra8 Rcb7 43. Rc8 R7b6 44. e5+ Kd5 45. Rc1 Kxd4 46. Re8 Rd5
47. Rxe6 Rxb4 48. Rd1+ Kc5 49. Rxd5+ cxd5 50. Rxg6 Rb3+ 51. Kf2 Rb2+ 52. Kg3
Rb3+ 53. Kh4 d4 54. f5 Kd5 55. e6 Kd6 56. Rg7 Ke5 57. Rd7 1-0

[Event "WECU Championship"]
[Site "Exmouth"]
[Date "2006.04.14"]
[Round "2"]
[White "Yeo, Michael J"]
[Black "Taylor, Geoffrey P"]
[Result "1-0"]
[WhiteElo "2088"]
[BlackElo "1880"]
[PlyCount "45"]
[EventDate "2006.??.??"]

1. e4 c5 2. Nf3 Nc6 3. d4 cxd4 4. Nxd4 e6 5. Nc3 a6 6. g3 d6 7. Bg2 Bd7 8. O-O
Nf6 9. Be3 Be7 10. f4 Qc7 11. a4 Na5 12. Bf2 Rc8 13. Qe2 h5 14. h3 e5 15. Nf5
Bf8 16. Ne3 g6 17. fxe5 dxe5 18. Ned5 Nxd5 19. Nxd5 Qxc2 20. Nf6+ Ke7 21. Qf3
Be6 22. Bb6 Bg7 23. Qa3+ 1-0

[Event "WECU Championship"]
[Site "Exmouth"]
[Date "2006.04.14"]
[Round "2"]
[White "Mordue, A Tyson"]
[Black "Jaques, Andrew"]
[Result "1-0"]
[WhiteElo "2160"]
[BlackElo "1872"]
[PlyCount "63"]
[EventDate "2006.??.??"]

1. e4 c6 2. d4 d5 3. Nc3 dxe4 4. Nxe4 Bf5 5. Ng3 Bg6 6. Nf3 Nd7 7. h4 h6 8. h5
Bh7 9. Bd3 Bxd3 10. Qxd3 Qc7 11. Bd2 e6 12. O-O-O Ngf6 13. Qe2 O-O-O 14. Ne5
Nb6 15. Ba5 Bd6 16. f4 Rhe8 17. Kb1 Bf8 18. Ne4 Rd5 19. Bxb6 axb6 20. c4 Ra5
21. Nc3 Bb4 22. Rh3 Qe7 23. Ne4 Kc7 24. Rdd3 Rea8 25. a3 Nxe4 26. Qxe4 Bd6 27.
Rhg3 f6 28. Qh7 g5 29. hxg6 Qxh7 30. gxh7 Rh8 31. Rg7+ Kd8 32. Nf7+ 1-0

[Event "WECU Championship"]
[Site "Exmouth"]
[Date "2006.04.15"]
[Round "3"]
[White "Taylor, Geoffrey P"]
[Black "Shire, David J"]
[Result "0-1"]
[WhiteElo "1880"]
[BlackElo "1984"]
[PlyCount "70"]
[EventDate "2006.??.??"]

1. e4 e6 2. d4 d5 3. e5 c5 4. c3 Nc6 5. Nf3 Bd7 6. a3 f6 7. Bd3 fxe5 8. Nxe5
Nf6 9. Bg5 c4 10. Bc2 Bd6 11. f4 O-O 12. O-O Be8 13. Nd2 Qb6 14. Ndf3 Bh5 15.
Rf2 Bxe5 16. fxe5 Ng4 17. Re2 Ngxe5 18. Nxe5 Nxe5 19. Qe1 Bxe2 20. Qxe2 Nd3 21.
Be3 Qxb2 22. Rb1 Qxc3 23. h3 Rf7 24. Rd1 Qxa3 25. Qg4 Qd6 26. Qh4 Raf8 27. Ra1
b5 28. Qg4 b4 29. Qe2 b3 30. Bxd3 cxd3 31. Qxd3 b2 32. Rb1 Rb7 33. Bd2 e5 34.
dxe5 Qxe5 35. Bc3 Qe4 0-1

[Event "WECU Championship"]
[Site "Exmouth"]
[Date "2006.04.15"]
[Round "3"]
[White "Jamieson, Ian M"]
[Black "Greely, Simon"]
[Result "1-0"]
[WhiteElo "1840"]
[BlackElo "1816"]
[PlyCount "103"]
[EventDate "2006.??.??"]

1. b4 d5 2. Bb2 Bf5 3. Nf3 f6 4. e3 e5 5. b5 c5 6. d4 cxd4 7. exd4 e4 8. Nfd2
Bd6 9. c4 Ne7 10. Nc3 O-O 11. Qb3 Bf4 12. Rd1 Bg4 13. Be2 Bxe2 14. Nxe2 Bxd2+
15. Rxd2 dxc4 16. Qxc4+ Qd5 17. Qb4 e3 18. fxe3 Nf5 19. Nc3 Qf7 20. e4 Re8 21.
O-O Ne3 22. Rf3 Ng4 23. h3 Nh6 24. e5 Qe6 25. Ne4 fxe5 26. dxe5 Nd7 27. Rd6 Qe7
28. e6 Nb6 29. Qd4 Rf8 30. Rf7 Rxf7 31. exf7+ Qxf7 32. Rxh6 Rf8 33. Rd6 Qf1+
34. Kh2 Qf4+ 35. g3 Qf7 36. Rd8 h6 37. Rxf8+ Qxf8 38. Nd6 Qe7 39. Qe5 Qc7 40.
Qe8+ Kh7 41. Qe4+ Kg8 42. Qxb7 Qc2+ 43. Qg2 Qc5 44. Ne8 Qxb5 45. Nxg7 Nc4 46.
Bd4 a5 47. Qa8+ Kf7 48. Qf3+ Ke7 49. Nf5+ Kd7 50. Nxh6 Nd6 51. Nf7 Qc4 52. Ne5+
1-0

[Event "WECU Championship"]
[Site "Exmouth"]
[Date "2006.04.15"]
[Round "3"]
[White "Brusey, AW."]
[Black "Jaques, Andrew"]
[Result "1/2-1/2"]
[WhiteElo "1976"]
[BlackElo "1872"]
[PlyCount "77"]
[EventDate "2006.??.??"]

1. e4 c6 2. d4 d5 3. f3 g6 4. Nc3 Bg7 5. Be3 Nf6 6. e5 Ng8 7. Qd2 e6 8. h4 Qb6
9. Na4 Qc7 10. h5 Nd7 11. f4 Nh6 12. Nf3 Ng4 13. Bd3 Nxe3 14. Qxe3 Qa5+ 15. Nc3
Nb6 16. hxg6 hxg6 17. Rxh8+ Bxh8 18. Nd2 Qb4 19. O-O-O Bd7 20. Rh1 O-O-O 21. a3
Qf8 22. Rh7 Qg8 23. Qh3 f6 24. Nf3 g5 25. fxg5 fxe5 26. dxe5 Bxe5 27. Nxe5
Qxg5+ 28. Kb1 Qxe5 29. g4 Qe1+ 30. Ka2 e5 31. Bf5 Qg1 32. Rh8 Rxh8 33. Qxh8+
Kc7 34. Qxe5+ Kd8 35. Qb8+ Ke7 36. Qxa7 Bxf5 37. gxf5 Qc5 38. Qxb7+ Kf6 39. Qh7
1/2-1/2

[Event "WECU Championship"]
[Site "Exmouth"]
[Date "2006.04.15"]
[Round "3"]
[White "Abbott, MV."]
[Black "Hegarty, Sarah"]
[Result "1-0"]
[WhiteElo "1816"]
[BlackElo "1896"]
[PlyCount "97"]
[EventDate "2006.??.??"]

1. d4 Nf6 2. c4 g6 3. Nc3 d5 4. cxd5 Nxd5 5. e4 Nxc3 6. bxc3 Bg7 7. Be3 c5 8.
Qd2 O-O 9. Rb1 cxd4 10. cxd4 Nc6 11. d5 Ne5 12. h3 f5 13. f4 fxe4 14. fxe5 Bxe5
15. Ne2 e6 16. Bg5 Qc7 17. Rb3 Qf7 18. Nd4 exd5 19. Bh6 e3 20. Bxe3 Bd7 21. Bb5
Bxb5 22. Rxb5 Rae8 23. Kd1 Qd7 24. Rb3 Qa4 25. Kc1 Qc4+ 26. Rc3 Rf1+ 27. Rxf1
Qxf1+ 28. Kc2 Qa6 29. Kb1 Qf1+ 30. Rc1 Qf6 31. Nb3 Re6 32. Bd4 Qf5+ 33. Qc2 Qf6
34. Bxe5 Rxe5 35. a3 Qd8 36. Ka2 Qe7 37. Qd2 b6 38. Nd4 Qf7 39. Re1 Re4 40. Nf3
h6 41. Rd1 d4+ 42. Kb2 Re3 43. Nxd4 Qe7 44. Qb4 Qg5 45. Rd2 Rg3 46. Qc4+ Kh7
47. Qf7+ Kh8 48. Nf3 Qe5+ 49. Ka2 1-0

[Event "WECU Championship"]
[Site "Exmouth"]
[Date "2006.04.15"]
[Round "3"]
[White "Hall, Daniel J"]
[Black "Mordue, A Tyson"]
[Result "0-1"]
[WhiteElo "1928"]
[BlackElo "2160"]
[PlyCount "132"]
[EventDate "2006.??.??"]

1. e4 c5 2. Nf3 d6 3. Bb5+ Bd7 4. Bxd7+ Qxd7 5. O-O Nc6 6. c3 d5 7. exd5 Qxd5
8. d4 e6 9. Be3 cxd4 10. cxd4 Nf6 11. Nc3 Qd6 12. Ne5 Be7 13. Nb5 Qd8 14. Qf3
Qb6 15. a4 O-O 16. Rac1 Rac8 17. Nxc6 bxc6 18. d5 c5 19. dxe6 fxe6 20. Qe2 Nd5
21. Bd2 Bf6 22. Na3 Qxb2 23. Nc4 Qd4 24. Qxe6+ Kh8 25. Nd6 Rc7 26. Be3 Nxe3 27.
fxe3 Qxa4 28. Rc4 Qd7 29. Qxd7 Rxd7 30. Ne4 Be7 31. Rxf8+ Bxf8 32. Rc3 Rc7 33.
Kf2 Kg8 34. Ke2 Be7 35. Kd3 Kf7 36. Kc4 Ke6 37. Ra3 Ke5 38. Nc3 Rd7 39. Ra2 h5
40. g3 Bf6 41. Ra5 Kf5 42. Rxc5+ Kg4 43. e4 Re7 44. Kd3 Re5 45. Nd5 Kh3 46. Rc2
Re8 47. Ra2 Ra8 48. Ke3 Be5 49. Nf4+ Kg4 50. h3+ Kxg3 51. Rg2+ Kh4 52. Ng6+
Kxh3 53. Rg5 Bf6 54. Nf4+ Kh4 55. Rg1 Rb8 56. Ng6+ Kh3 57. Rh1+ Kg2 58. Rxh5
Rb3+ 59. Kf4 Rb4 60. Kf5 a5 61. e5 Bd8 62. Ke6 Rb7 63. Kd5 a4 64. Rh8 Rb4 65.
Kc6 Rd4 66. e6 a3 0-1

[Event "WECU Championship"]
[Site "Exmouth"]
[Date "2006.04.15"]
[Round "3"]
[White "Dilleigh, Stephen P"]
[Black "Turner, Matthew"]
[Result "1/2-1/2"]
[WhiteElo "2040"]
[BlackElo "2432"]
[PlyCount "31"]
[EventDate "2006.??.??"]

1. d4 Nf6 2. c4 e6 3. Nc3 Bb4 4. e3 O-O 5. Bd3 c5 6. Nf3 d5 7. O-O cxd4 8. exd4
dxc4 9. Bxc4 b6 10. Bg5 Bb7 11. Ne5 Bxc3 12. bxc3 Qc7 13. Bxf6 gxf6 14. Qg4+
Kh8 15. Qh4 fxe5 16. Qf6+ 1/2-1/2

[Event "WECU Championship"]
[Site "Exmouth"]
[Date "2006.04.15"]
[Round "3"]
[White "Bolt, G."]
[Black "Ponter, Ian"]
[Result "0-1"]
[WhiteElo "2000"]
[BlackElo "1880"]
[PlyCount "68"]
[EventDate "2006.??.??"]

1. e4 e5 2. Nf3 Nc6 3. d4 exd4 4. Nxd4 Nf6 5. Nxc6 bxc6 6. e5 Qe7 7. Qe2 Nd5 8.
c4 Nb6 9. Nc3 a5 10. Qe4 Bb7 11. Bd2 g6 12. Be2 Bg7 13. f4 O-O-O 14. O-O-O f6
15. exf6 Qxf6 16. Qc2 Rhe8 17. Bd3 d5 18. c5 Nd7 19. Na4 Qf8 20. Rhf1 Bd4 21.
f5 gxf5 22. Bxf5 Qg7 23. Bxa5 Ba6 24. Bd3 Be3+ 25. Kb1 Bxd3 26. Rxd3 d4 27.
Rdd1 Ne5 28. Qe2 Kb7 29. Bd2 Ng4 30. Qc4 Nxh2 31. Rfe1 Qg6+ 32. Ka1 Bxd2 33.
Qb3+ Kc8 34. Rxe8 Rxe8 {The remainder of the score cannot be deciphered.} 0-1

[Event "WECU Championship"]
[Site "Exmouth"]
[Date "2006.04.15"]
[Round "3"]
[White "Gosling, Brian GE"]
[Black "Yeo, Michael J"]
[Result "0-1"]
[WhiteElo "1792"]
[BlackElo "2088"]
[PlyCount "88"]
[EventDate "2006.??.??"]

1. d4 d5 2. Nf3 Nc6 3. Bf4 Bg4 4. e3 e6 5. h3 Bh5 6. c3 Bd6 7. g4 Bg6 8. Bg2 h5
9. Ne5 Bxe5 10. dxe5 hxg4 11. hxg4 Rxh1+ 12. Bxh1 Qh4 13. Bg2 Nh6 14. Nd2 Qxg4
15. Bf3 Qf5 16. Qa4 O-O-O 17. O-O-O b5 18. Qa6+ Kd7 19. Ne4 Nxe5 20. Bxe5 Qxe5
21. Qxb5+ Ke7 22. Qc5+ Ke8 23. Qc6+ Kf8 24. Qc5+ Kg8 25. Qe7 Rb8 26. Rxd5 Qxd5
27. Nf6+ gxf6 28. Bxd5 exd5 29. Qxc7 Re8 30. Qd7 Re5 31. Qd8+ Kg7 32. Qc7 Ng4
33. Qxa7 Nxf2 34. Kd2 Ng4 35. a4 Nxe3 36. Qxe3 Rxe3 37. Kxe3 Bf5 38. Kd4 Bd7
39. a5 Bc6 40. Kc5 Ba8 41. a6 f5 42. b4 f4 43. Kd4 Kf6 44. b5 Ke6 0-1

[Event "WECU Championship"]
[Site "Exmouth"]
[Date "2006.04.15"]
[Round "3"]
[White "Roberson, Peter"]
[Black "Bass, JW."]
[Result "1-0"]
[WhiteElo "2096"]
[BlackElo "1880"]
[PlyCount "115"]
[EventDate "2006.??.??"]

1. e4 c5 2. c3 e6 3. d4 d5 4. exd5 Qxd5 5. Nf3 Nc6 6. Bd3 Nf6 7. O-O Be7 8. c4
Qd8 9. dxc5 Bxc5 10. a3 a5 11. Nc3 O-O 12. Bg5 Be7 13. Qe2 Qc7 14. Rad1 Rd8 15.
Rfe1 h6 16. Nb5 Qb6 17. Bf4 e5 18. Nxe5 Nxe5 19. Qxe5 Bc5 20. Be3 Bxe3 21. Qxe3
Qxe3 22. Rxe3 Bf5 23. Nc3 Be6 24. b3 Kf8 25. Ree1 Rd7 26. Be2 Rad8 27. Rxd7
Nxd7 28. Rd1 Ke7 29. Nd5+ Kf8 30. Nf4 Bf5 31. Rd5 Bc2 32. Bg4 Ke8 33. b4 axb4
34. axb4 Bb3 35. Be2 Ra8 36. f3 g5 37. Nd3 f6 38. Rxd7 Kxd7 39. Nc5+ Kd6 40.
Nxb3 Ra3 41. Nc5 Ra1+ 42. Kf2 Rb1 43. Nd3 f5 44. g3 Rh1 45. Kg2 Rb1 46. h3 Ra1
47. Kf2 Rb1 48. f4 gxf4 49. gxf4 Rb3 50. Ke3 b6 51. Kd4 Ra3 52. Bf3 Ra2 53. Ke3
Rc2 54. c5+ bxc5 55. bxc5+ Kc7 56. h4 Ra2 57. Bd5 Rh2 58. Nf2 1-0